Estadísticas para 5 Países más Lluviosos por Continente

Haz click aquí para intentar la prueba.

Estadísticas generales

  • Esta prueba ha sido intentada 164 veces
  • La puntuación promedio es 17 de 30

Estadísticas de respuestas

ContinentecmPaís% Correcto
América del Sur252.4Colombia
85%
América del Sur189.5Venezuela
83%
Europa123.0Reino Unido
82%
América del Sur212.6Ecuador
80%
Europa121.6Irlanda
80%
América del Sur228.9Surinam
79%
América del Sur242.3Guyana
77%
América del Norte286.3Costa Rica
70%
América del Norte251.0Panamá
69%
Asia265.7Indonesia
66%
América del Norte227.6Nicaragua
63%
Oceanía306.2Papúa Nueva Guinea
61%
Oceanía315.2Islas Salomón
58%
Asia294.4Malasia
57%
Oceanía371.6E.F. Micronesia
56%
Europa120.1Suiza
56%
Oceanía331.0Palaos
55%
Oceanía312.9Samoa
53%
Asia258.5Filipinas
52%
Asia268.3Singapur
51%
Asia332.0Brunéi
45%
América del Norte249.8San Vicente y las Granadinas
40%
América del Norte245.2Santa Lucía
39%
África244.3Guinea Ecuatorial
36%
Europa120.9Eslovenia
35%
África214.5Seychelles
35%
África219.9Santo Tomé y Principe
34%
África239.8Liberia
22%
África270.8Sierra Leona
21%
Europa134.8Montenegro
17%

Distribución de puntuación

Porcentaje por número respondido

Porcentaje de gente con cada puntuación

Historial de tus puntuaciones

No has intentado esta prueba.